LEADER 00771nab a2200157 i 4500 001 000000266664 003 CaOOAMICUS 005 20061204000000.0 008 061204n xx uu u0 0und r 013 $a10786 040 $aSeMil$bita 245 10$aAnche Dio cerca casa :$b10. Mostra Artistica del Presepe, 8 dicembre 2006-21 gennaio 2007 /$cIstituto Padre Monti [Saronno]. - Itinerario della Mostra. 500 $aInserto promozionale. 700 1 $aIstituto Padre Monti : Mostra Artistica del Presepe «Anche Dio cerca casa» <10. ; 2006-2007>.$0(OLS)http://semarc/name/83823 773 0 $t[2006.$dVarese : Ediluce, 2006.$w()151495 996 $6245$aAnche Dio cerca casa :$b10. Mostra Artistica del Presepe, 8 dicembre 2006-21 gennaio 2007$9(OLS)http://semarc/title/357880 LEADER 00975nam a2200205 i 4500 001 000000349028 003 CaOOAMICUS 005 20220111101214.0 008 220111s1999 gw u000 u ger u 040 $aSeMil$bita 100 0 $aEusebius : Caesariensis,$c.$0(OLS)http://semarc/name/3578 245 10$aTeil 1. 264 1$aBerlin :$bAkademie Verlag,$c1999. 300 $aXI, 507 p. ;$c25 cm. 773 0 $aEusebius : Caesariensis $t2: Die Kirchengeschichte.$dBerlin : Akademie Verlag, 1999.$b2., unveränd. Aufl. / von Friedhelm Winkelmann$kGriechischen christlichen Schriftsteller der ersten Jahruhunderte. Neue Folge$z3-05-003248-0$g1$w()349027 850 $aSeMil 852 $aSeMil$W1$xVenegono$y1$m2UA K 6/1$j231221$B240104$CSeMilBibl$Z2$F240104 $81 996 $6245$aTeil 1$9(OLS)http://semarc/title/65499 996 $6264$aBerlin :$bAkademie Verlag$9(OLS)http://semarc/publisher/29687